| 000 | 00340nam a2200133Ia 4500 | ||
|---|---|---|---|
| 008 | 210210b1978 xxu||||| |||| 00| 0 eng d | ||
| 082 | _a305.4 SRIC | ||
| 100 | _aSRINIVAS (M N). | ||
| 245 | _aChanging position of Indian women. | ||
| 260 |
_aDelhi _bOxford University. _c1978 |
||
| 300 | _a30 | ||
| 690 | _aWomen Studies | ||
| 906 | _aSG01585 | ||
| 999 |
_c113074 _d113074 |
||